000 01616nam a2200457 i 4500
001 30504
003 KOSZ 005
005 20201014152951.0
008 970510s1995 pl a f |000 0 pol
015 _aUWD 1995/4628
020 _a8386141506
035 _a991000040599705066
035 _a(PL-WaBN)b10040936-48omnis_nlop
035 _ab10040936
035 _a(OCoLC)830050390
035 _a(PL)b0000001004093
035 _a(EXLNZ-48OMNIS_NETWORK)9910222577705606
040 _aWA N
_cWA N
_dKOSZ 005/EG
080 _a657
100 1 _aGierusz, Jerzy
_d(1952- )
_eAutor
245 1 0 _aPlan kont z komentarzem :
_bhandel, produkcja, usługi : zgodny z wymogami Ustawy z dnia 29.09.1994 r. o rachunkowości /
_cJerzy Gierusz.
260 _aGdańsk :
_bOśrodek Doradztwa i Doskonalenia Kadr,
_c1995.
300 _a496, [6] s. :
_berr. ;
_c21 cm.
336 _2rdacontent
_aTekst
_btxt
337 _2rdamedia
_aBez urządzenia pośredniczącego
_bn
338 _2rdacarrier
_aWolumin
_bnc
380 _aDruki ulotne
388 _a1901-2000
388 _a1989-2000
504 _aBibliogr. s. 489-490, wykaz aktów prawnych s. 491-496.
650 7 _aKonto
_2DBN
650 7 _aPlan kont
_2DBN
650 7 _aPrawo
_2DBN
650 7 _aRachunkowość
_2DBN
651 _aPolska
658 _aGospodarka, ekonomia, finanse
710 2 _aOśrodek Doradztwa i Doskonalenia Kadr (Gdańsk)
_4pbl
856 _uhttp://koha.tu.koszalin.pl/cgi-bin/koha/opac-detail.pl?biblionumber=30504
_yKatalog online BPK
942 _2UKD
_cKS
999 _c30504
_d30504